Presagio y tópica del descubrimiento

Salvato in:
Dettagli Bibliografici
Autore principale: Cerutti Guldberg, Horacio (Autore)
Natura: Libro
Lingua:spagnolo
Pubblicazione: Ciudad de México Universidad Nacional Autónoma de México 1991
Edizione:1a. ed
Serie:500 Años Después
Soggetti:
Tags: Aggiungi Tag
Nessun Tag, puoi essere il primo ad aggiungerne!!

MARC

LEADER 00000nam a2200000 a 4500
001 UCG2781
003 CL-VaPUC
008 100723e19910000MX |||||||||||||||||spa|d
020 |a 9683619983 
082 0 4 |a 980.013  |b CER  |2 21 
100 0 |a Cerutti Guldberg, Horacio  |e author  |9 551395 
245 1 0 |a Presagio y tópica del descubrimiento 
250 |a 1a. ed 
300 |a 155 p 
942 |c BK 
945 |d 20100723 00:00:00  |a mfarfan 
260 |a Ciudad de México  |b Universidad Nacional Autónoma de México  |c 1991 
650 7 |a DESCUBRIMIENTO DE AMERICA  |2 CL-VaPUC  |9 551396 
650 0 |a Conquista de América   |9 445170 
583 |a last modification  |c 20100723 00:00:00  |k Rodrigo Vera 
490 0 |a 500 Años Después 
999 |c 341905  |d 341903 
952 |0 0  |1 0  |4 0  |6 980_013000000000000_CER_1991  |7 0  |8 A  |9 437718  |a BIBHIS  |b BIBHIS  |d 2019-11-22  |i 4697898  |l 4  |o 980.013 CER 1991  |p 4697898  |r 2025-01-20  |s 2020-10-06  |w 2019-11-22  |y BK  |k HIS